| 000 | 01442nam0a2200337 4500 | ||
|---|---|---|---|
| 001 | RU\NLR\bibl\1235982 | ||
| 005 | 20260406070431.0 | ||
| 010 |
_a978-5-7608-0528-7 _91000 |
||
| 021 |
_aRU _b2008-26642 _91471 |
||
| 035 | _a(NLR Aleph) 001222217 | ||
| 090 |
_a145638 _c145638 |
||
| 100 | _a20080603d2007 |||y0rusy50 ca | ||
| 101 | 0 | _arus | |
| 102 | _aRU | ||
| 105 | _ac ||||||||| | ||
| 200 | 1 |
_aКультура и общественная жизнь _eизбранные труды по социологии _fТхакушинов А. К. _g[сост.: д. филол. н., проф. К. Г. Шаззо] |
|
| 210 |
_aМайкоп _cАдыгейское республиканское книжное изд-во _d2007 |
||
| 215 |
_a403 с., [1] л. портр. _d21 |
||
| 320 | _aБиблиогр. в подстроч. примеч. | ||
| 606 | 1 |
_aСоциология культуры _z20 в. _92207366 _3RU\NLR\AUTH\6601560455 |
|
| 686 | _aС550.2я44 | ||
| 700 | 1 |
_4070 _8rus _7ca _aТхакушинов _bА. К. _f1947- _gАслан Китович _3RU\NLR\AUTH\7715702 _9125350 |
|
| 702 | 1 |
_4220 _7ca _8rus _aШаззо _bК. Г. _f1939-2015 _gКазбек Гиссович _9255251 _3RU\NLR\AUTH\770255307 |
|
| 801 | 0 |
_aRU _bNLR _c20080603 _gRCR |
|
| 801 | 1 |
_aRU _bNLR _c20080603 |
|
| 830 | _aсост. по ЭК | ||
| 830 | _aпо кн. | ||
| 942 | _cBOOK | ||
| 980 | _aNB | ||